La culture générale de A à Z
Vous trouverez, dans ce dictionnaire, plus de 200 entrées, historiques, artistiques, littéraires, philosophiques ou scientifiques. Elles couvrent intégralement le programme de la première année de préparation ECE, dont le caractère large et compregensif donne une bonne idée de ce qu'on...
保存先:
| フォーマット: | 図書 |
|---|---|
| 言語: | Undetermined |
| 出版事項: |
Paris
Hatier
1998
|
| タグ: |
タグ追加
タグなし, このレコードへの初めてのタグを付けませんか!
|
| Thư viện lưu trữ: | Trung tâm Học liệu Trường Đại học Cần Thơ |
|---|
| LEADER | 00791nam a2200181Ia 4500 | ||
|---|---|---|---|
| 001 | CTU_134154 | ||
| 008 | 210402s9999 xx 000 0 und d | ||
| 020 | |c 266000 | ||
| 082 | |a 903 | ||
| 082 | |b C968 | ||
| 245 | 0 | |a La culture générale de A à Z | |
| 245 | 0 | |c Catherine Roux-Lanier ... [et al.] | |
| 260 | |a Paris | ||
| 260 | |b Hatier | ||
| 260 | |c 1998 | ||
| 520 | |a Vous trouverez, dans ce dictionnaire, plus de 200 entrées, historiques, artistiques, littéraires, philosophiques ou scientifiques. Elles couvrent intégralement le programme de la première année de préparation ECE, dont le caractère large et compregensif donne une bonne idée de ce qu'on entend par culture générale. | ||
| 904 | |i Giang | ||
| 980 | |a Trung tâm Học liệu Trường Đại học Cần Thơ | ||